| 000 | 00924nam a22002777a 4500 | ||
|---|---|---|---|
| 003 | URS | ||
| 005 | 20260310170941.0 | ||
| 008 | 260310b |||||||| |||| 00| 0 eng d | ||
| 020 | _a9780857258779 (hbk) | ||
| 020 | _a9780857258175 (pbk) | ||
| 040 |
_aDLC _beng _cDLC _dURS _erda |
||
| 050 |
_aLB 1025.3 _b.G73 2012 |
||
| 100 | _aGould, Jim | ||
| 245 |
_aLearning theory and classroom practice in the lifelong learning sector/ _cJim Gould.- |
||
| 250 | _asecond edition- | ||
| 264 |
_aLos Angeles: _bSAGE, _c2012. |
||
| 300 |
_avii, 168 pages: _billustrations; _c26 centimeters |
||
| 336 |
_2rdacontent _atext _btxt |
||
| 337 |
_2rdamedia _aunmediated _bn |
||
| 338 |
_2rdacarrier _avolume _bnc |
||
| 500 | _aIncludes glossary and index. | ||
| 504 | _aIncludes references. | ||
| 650 | _2Teaching and learning | ||
| 650 | _2Effective teaching | ||
| 942 |
_2lcc _cFR _esecond edition _hLB 1025.3 _i.G73 2012 |
||
| 999 |
_c98988 _d98985 |
||